<?xml version="1.0" encoding="UTF-8"?>
<record
    xmlns:xsi="http://www.w3.org/2001/XMLSchema-instance"
    xsi:schemaLocation="http://www.loc.gov/MARC21/slim http://www.loc.gov/standards/marcxml/schema/MARC21slim.xsd"
    xmlns="http://www.loc.gov/MARC21/slim">

  <leader>00667nam a22001937a 4500</leader>
  <datafield tag="999" ind1=" " ind2=" ">
    <subfield code="c">58118</subfield>
    <subfield code="d">58118</subfield>
  </datafield>
  <controlfield tag="005">20210618134828.0</controlfield>
  <controlfield tag="008">210618s2016    enk||||| |||| 00| 0 eng d</controlfield>
  <datafield tag="020" ind1=" " ind2=" ">
    <subfield code="a"> 9783896420329</subfield>
  </datafield>
  <datafield tag="041" ind1=" " ind2=" ">
    <subfield code="a">eng</subfield>
  </datafield>
  <datafield tag="080" ind1=" " ind2=" ">
    <subfield code="a">368.432 Th-43</subfield>
  </datafield>
  <datafield tag="100" ind1=" " ind2=" ">
    <subfield code="a">Thei&#xDF;-Klee, Heidi </subfield>
    <subfield code="9">12092</subfield>
  </datafield>
  <datafield tag="245" ind1=" " ind2=" ">
    <subfield code="a">Knack den Code :</subfield>
    <subfield code="b">und lerne die Brailleschrift kennen /</subfield>
    <subfield code="c">Heidi Thei&#xDF;-Klee.</subfield>
  </datafield>
  <datafield tag="264" ind1=" " ind2=" ">
    <subfield code="a">Marburg :</subfield>
    <subfield code="b">Blista campus,</subfield>
    <subfield code="c">2016.</subfield>
  </datafield>
  <datafield tag="300" ind1=" " ind2=" ">
    <subfield code="a">32 p.</subfield>
    <subfield code="b">21 cm.</subfield>
  </datafield>
  <datafield tag="653" ind1=" " ind2=" ">
    <subfield code="a">&#x10D1;&#x10E0;&#x10D0;&#x10D8;&#x10DA;&#x10D8;&#x10E1; &#x10E8;&#x10E0;&#x10D8;&#x10E4;&#x10E2;&#x10D8;&#x10D7; &#x10EC;&#x10D4;&#x10E0;&#x10D0;</subfield>
  </datafield>
  <datafield tag="653" ind1=" " ind2=" ">
    <subfield code="a">&#x428;&#x440;&#x438;&#x444;&#x442; &#x411;&#x440;&#x430;&#x439;&#x43B;&#x44F;</subfield>
  </datafield>
  <datafield tag="653" ind1=" " ind2=" ">
    <subfield code="a"> &#x10E3;&#x10E1;&#x10D8;&#x10DC;&#x10D0;&#x10D7;&#x10DA;&#x10DD;&#x10D7;&#x10D0; &#x10EC;&#x10D4;&#x10E0;&#x10D0;-&#x10D9;&#x10D8;&#x10D7;&#x10EE;&#x10D5;&#x10D8;&#x10E1;&#x10D0;&#x10D7;&#x10D5;&#x10D8;&#x10E1;</subfield>
  </datafield>
  <datafield tag="942" ind1=" " ind2=" ">
    <subfield code="2">udc</subfield>
    <subfield code="c">BK</subfield>
  </datafield>
  <datafield tag="952" ind1=" " ind2=" ">
    <subfield code="0">0</subfield>
    <subfield code="1">0</subfield>
    <subfield code="2">udc</subfield>
    <subfield code="4">0</subfield>
    <subfield code="6">368432_TH43</subfield>
    <subfield code="7">0</subfield>
    <subfield code="9">90398</subfield>
    <subfield code="a">CPL</subfield>
    <subfield code="b">CPL</subfield>
    <subfield code="c">GEN</subfield>
    <subfield code="d">2021-06-18</subfield>
    <subfield code="g">60.00</subfield>
    <subfield code="o">368.432 Th-43</subfield>
    <subfield code="p">61412</subfield>
    <subfield code="r">2021-06-18</subfield>
    <subfield code="t">61412</subfield>
    <subfield code="w">2021-06-18</subfield>
    <subfield code="y">BK</subfield>
    <subfield code="z">60 &#x10DA;.</subfield>
  </datafield>
</record>
